[Event "MNT-chT"]
[Site "Cetinje"]
[Date "2009.08.26"]
[Round "6.1"]
[White "Mihajlovic, Veselin"]
[Black "Dujkovic, Sinisa"]
[Result "1/2-1/2"]
[WhiteElo "2373"]
[BlackElo "2394"]
[PlyCount "42"]
[EventDate "2009.08.21"]
[EventType "tourn"]
[EventRounds "7"]
[EventCountry "MNE"]
[SourceTitle "CBM 131 Extra"]
[Source "ChessBase"]
[SourceDate "2009.09.03"]
[SourceVersion "2"]
[SourceVersionDate "2009.09.16"]
[SourceQuality "1"]

1. d4 e6 2. c4 f5 3. g3 Nf6 4. Bg2 c6 5. Nh3 d6 6. Nc3 Be7 7. e4 e5 8. exf5 Bxf5 9. d5 0-0 10. Ng5 Kh8 11. Nge4 cxd5 12. Nxf6 Bxf6 13. Nxd5 Bg5 14. Bxg5 Qxg5 15. Nc7 Bg4 16. f3 e4 17. 0-0 exf3 18. Bxf3 Qc5+ 19. Kg2 Qxc7 20. Bxg4 Nc6 21. Be6 Qe7 1/2-1/2

[Event "MNT-chT"]
[Site "Cetinje"]
[Date "2009.08.25"]
[Round "5.4"]
[White "Blagojevic, Dragisa"]
[Black "Dujkovic, Sinisa"]
[Result "1-0"]
[WhiteElo "2545"]
[BlackElo "2394"]
[PlyCount "73"]
[EventDate "2009.08.21"]
[EventType "tourn"]
[EventRounds "7"]
[EventCountry "MNE"]
[SourceTitle "CBM 131 Extra"]
[Source "ChessBase"]
[SourceDate "2009.09.03"]
[SourceVersion "2"]
[SourceVersionDate "2009.09.16"]
[SourceQuality "1"]

1. d4 Nf6 2. c4 g6 3. Nf3 Bg7 4. g3 0-0 5. Bg2 d6 6. 0-0 Nc6 7. Nc3 Rb8 8. Bf4 a6 9. Rc1 Nh5 10. Be3 e6 11. Qd2 Ne7 12. Bh6 b5 13. Bxg7 Kxg7 14. b3 f5 15. Qd3 h6 16. e4 b4 17. Ne2 g5 18. exf5 exf5 19. d5 Ng6 20. Ned4 Bd7 21. c5 g4 22. cxd6 cxd6 23. Nc6 Bxc6 24. dxc6 Qf6 25. Nd4 Ne5 26. Qxf5 Qxf5 27. Nxf5+ Rxf5 28. c7 Rc8 29. Bb7 Rff8 30. Rfd1 Nf7 31. Bxa6 Nf6 32. Rd4 d5 33. Bxc8 Rxc8 34. Rxb4 Nd6 35. Rb8 Kf7 36. b4 Ke7 37. b5 1-0

[Event "MNT-chT"]
[Site "Cetinje"]
[Date "2009.08.23"]
[Round "3.3"]
[White "Bozovic, Nikola"]
[Black "Dujkovic, Sinisa"]
[Result "1-0"]
[WhiteElo "2256"]
[BlackElo "2394"]
[PlyCount "61"]
[EventDate "2009.08.21"]
[EventType "tourn"]
[EventRounds "7"]
[EventCountry "MNE"]
[SourceTitle "CBM 131 Extra"]
[Source "ChessBase"]
[SourceDate "2009.09.03"]
[SourceVersion "2"]
[SourceVersionDate "2009.09.16"]
[SourceQuality "1"]

1. d4 Nf6 2. c4 g6 3. Nc3 Bg7 4. e4 d6 5. Nf3 0-0 6. Be2 Na6 7. Be3 Ng4 8. Bg5 h6 9. Bd2 e5 10. h3 exd4 11. hxg4 dxc3 12. Bxh6 Bxh6 13. Rxh6 Qf6 14. g5 Qg7 15. bxc3 Qxc3+ 16. Kf1 Nc5 17. Rc1 Qg7 18. e5 dxe5 19. Qd5 Ne6 20. Rh4 Rd8 21. Qe4 Nc5 22. Qe3 e4 23. Qxc5 exf3 24. Bxf3 Be6 25. Bxb7 Rab8 26. Bd5 Qe5 27. Re1 Qxg5 28. Qd4 Kf8 29. Rh8+ Ke7 30. Rxe6+ fxe6 31. Rh7+ 1-0

[Event "MNT-chT"]
[Site "Cetinje"]
[Date "2009.08.22"]
[Round "2.3"]
[White "Dujkovic, Sinisa"]
[Black "Miljanic, Boro"]
[Result "1/2-1/2"]
[WhiteElo "2394"]
[BlackElo "2413"]
[PlyCount "38"]
[EventDate "2009.08.21"]
[EventType "tourn"]
[EventRounds "7"]
[EventCountry "MNE"]
[SourceTitle "CBM 131 Extra"]
[Source "ChessBase"]
[SourceDate "2009.09.03"]
[SourceVersion "2"]
[SourceVersionDate "2009.09.16"]
[SourceQuality "1"]

1. e4 e6 2. d3 d5 3. Qe2 dxe4 4. dxe4 e5 5. Nf3 Nc6 6. c3 Bd6 7. Qc2 Bg4 8. Nbd2 Nf6 9. h3 Bh5 10. Be2 0-0 11. Nf1 Bg6 12. Ng3 h6 13. 0-0 a6 14. Be3 Nd5 15. Bc1 Nf4 16. Bxf4 exf4 17. Nf5 Bxf5 18. exf5 Qf6 19. Bd3 Ne5 1/2-1/2

[Event "MNT-chT"]
[Site "Cetinje"]
[Date "2009.08.21"]
[Round "1.2"]
[White "Pavlovic, Dejan S"]
[Black "Dujkovic, Sinisa"]
[Result "0-1"]
[WhiteElo "2416"]
[BlackElo "2394"]
[PlyCount "76"]
[EventDate "2009.08.21"]
[EventType "tourn"]
[EventRounds "7"]
[EventCountry "MNE"]
[SourceTitle "CBM 131 Extra"]
[Source "ChessBase"]
[SourceDate "2009.09.03"]
[SourceVersion "2"]
[SourceVersionDate "2009.09.16"]
[SourceQuality "1"]

1. e4 c5 2. Nf3 Nc6 3. d4 cxd4 4. Nxd4 Nf6 5. Nc3 e5 6. Ndb5 d6 7. Bg5 a6 8. Na3 b5 9. Bxf6 gxf6 10. Nd5 Bg7 11. Bd3 Ne7 12. Nxe7 Qxe7 13. 0-0 0-0 14. c4 f5 15. Qh5 Rb8 16. exf5 e4 17. Rae1 Bb7 18. Qg4 Rfe8 19. cxb5 d5 20. bxa6 Ba8 21. Bb5 Rf8 22. Re3 Kh8 23. Rb3 Be5 24. Nc2 Rg8 25. Qh3 d4 26. Bc4 Rbc8 27. Na3 Bd6 28. Rb7 Bxb7 29. f6 Qxf6 30. axb7 Rcd8 31. Re1 d3 32. Bb3 Bc5 33. Rf1 Rb8 34. Bd5 d2 35. Bb3 Rxb7 36. Nc4 Rd8 37. Qh5 Rxb3 38. Nxd2 Rxd2 0-1

[Event "Srpska Republic-chT 1st League"]
[Site "Trebinje"]
[Date "2009.08.11"]
[Round "2"]
[White "Dujkovic, Sinisa"]
[Black "Stojanovic, Dobrisav"]
[Result "1-0"]
[WhiteElo "2394"]
[BlackElo "2331"]
[PlyCount "77"]
[EventDate "2009.08.10"]
[EventType "team-tourn"]
[EventRounds "9"]
[EventCountry "BIH"]
[SourceTitle "EXT 2019"]
[Source "ChessBase"]
[SourceDate "2018.10.10"]
[SourceVersion "1"]
[SourceVersionDate "2018.10.10"]
[SourceQuality "1"]

1. e4 e5 2. Nf3 Nc6 3. Bc4 Nf6 4. d3 Be7 5. 0-0 0-0 6. Re1 d6 7. a4 Be6 8. Nbd2 Qd7 9. c3 Rfe8 10. b4 Bf8 11. Bb2 Rad8 12. a5 Ne7 13. d4 exd4 14. Bxe6 Qxe6 15. Nxd4 Qd7 16. c4 c5 17. Nc2 Ng4 18. b5 Ng6 19. Ra3 f5 20. h3 N4e5 21. exf5 Qxf5 22. Ne3 Qf7 23. Qc2 Nf4 24. Kf1 Qh5 25. Bxe5 Rxe5 26. Qd1 Qg6 27. Qg4 Qxg4 28. hxg4 Rde8 29. g3 Ng6 30. a6 b6 31. f4 R5e7 32. Rd3 Rf7 33. Nd5 Ne5 34. Rde3 Rc8 35. g5 h6 36. gxh6 g5 37. Kg2 gxf4 38. gxf4 Ng4 39. Rg3 1-0

[Event "Banja Luka Vjestice Memorial 2nd"]
[Site "Banja Luka"]
[Date "2008.07.30"]
[Round "9"]
[White "Dujkovic, Sinisa"]
[Black "Savanovic, Aleksandar"]
[Result "1/2-1/2"]
[WhiteElo "2401"]
[BlackElo "2417"]
[PlyCount "41"]
[EventDate "2008.07.21"]
[EventType "tourn"]
[EventRounds "9"]
[EventCountry "BIH"]
[EventCategory "4"]
[SourceTitle "CBM 125 Extra"]
[Source "ChessBase"]
[SourceDate "2008.09.01"]
[SourceVersion "1"]
[SourceVersionDate "2008.09.01"]
[SourceQuality "1"]

1. e4 e5 2. Nf3 Nc6 3. Bb5 a6 4. Bxc6 dxc6 5. Nc3 f6 6. d4 exd4 7. Qxd4 Qxd4 8. Nxd4 c5 9. Nde2 Be6 10. Nf4 Bf7 11. Nfd5 0-0-0 12. Bf4 Ne7 13. 0-0-0 Nxd5 14. Nxd5 Bxd5 15. Rxd5 Rxd5 16. exd5 Bd6 17. Bxd6 cxd6 18. Re1 Kd7 19. Kd2 Re8 20. Rxe8 Kxe8 21. c4 1/2-1/2

[Event "Banja Luka Vjestice Memorial 2nd"]
[Site "Banja Luka"]
[Date "2008.07.24"]
[Round "4"]
[White "Dujkovic, Sinisa"]
[Black "Popovic, Zoran"]
[Result "1-0"]
[WhiteElo "2401"]
[BlackElo "2348"]
[PlyCount "77"]
[EventDate "2008.07.21"]
[EventType "tourn"]
[EventRounds "9"]
[EventCountry "BIH"]
[EventCategory "4"]
[SourceTitle "CBM 125 Extra"]
[Source "ChessBase"]
[SourceDate "2008.09.01"]
[SourceVersion "1"]
[SourceVersionDate "2008.09.01"]
[SourceQuality "1"]

1. g3 g6 2. Bg2 Bg7 3. d4 Nf6 4. e4 d6 5. Nc3 0-0 6. Nge2 c6 7. a4 e5 8. h3 Na6 9. Be3 Re8 10. 0-0 Be6 11. d5 cxd5 12. exd5 Bd7 13. Nb5 Bxb5 14. axb5 Nc7 15. c4 Nd7 16. Qb3 b6 17. Nc3 f5 18. Qc2 e4 19. Ne2 a6 20. bxa6 Nxa6 21. Nf4 Nac5 22. Rxa8 Qxa8 23. b4 Na6 24. Qb3 Qc8 25. Rc1 Be5 26. Ne6 Qb7 27. Qa4 Rc8 28. Qb5 Nf6 29. Bf1 Nb8 30. c5 dxc5 31. bxc5 Qd7 32. Qxd7 Nbxd7 33. c6 Nb8 34. Bc4 b5 35. Bb3 Ne8 36. Bd4 Bd6 37. Ra1 Nc7 38. Nxc7 Rxc7 39. Bc5 1-0

[Event "BIH-chT 7th"]
[Site "Neum"]
[Date "2008.06.07"]
[Round "4"]
[White "Stojanovic, Mihajlo"]
[Black "Dujkovic, Sinisa"]
[Result "1-0"]
[WhiteElo "2561"]
[BlackElo "2415"]
[PlyCount "93"]
[EventDate "2008.06.04"]
[EventType "team-tourn"]
[EventRounds "9"]
[EventCountry "BIH"]
[SourceTitle "EXT 2019"]
[Source "ChessBase"]
[SourceDate "2018.10.10"]
[SourceVersion "1"]
[SourceVersionDate "2018.10.10"]
[SourceQuality "1"]
[WhiteTeam "Banja Luka KSK"]
[BlackTeam "Banja Luka SK Laus"]
[WhiteTeamCountry "BIH"]
[BlackTeamCountry "BIH"]

1. g3 Nf6 2. Bg2 g6 3. e4 d6 4. d4 Bg7 5. Ne2 0-0 6. 0-0 e5 7. Nbc3 Nc6 8. dxe5 dxe5 9. Bg5 Nd4 10. Nxd4 exd4 11. Nb5 h6 12. Bf4 Nh5 13. Bd2 c6 14. Na3 Be6 15. b3 a5 16. Nc4 b5 17. Nb2 c5 18. Nd3 Qe7 19. g4 Nf6 20. g5 Nh5 21. gxh6 Bh8 22. f4 c4 23. Nf2 Qh4 24. Qf3 Rac8 25. f5 Bd7 26. Nh3 gxf5 27. Rae1 f4 28. Nxf4 Bg4 29. Qf2 Qxf2+ 30. Rxf2 d3 31. cxd3 Bd4 32. Nd5 Bxf2+ 33. Kxf2 cxd3 34. Ne7+ Kh7 35. Nxc8 Rxc8 36. e5 f5 37. Rc1 Rc2 38. Rxc2 dxc2 39. Bf1 f4 40. Bd3+ Kxh6 41. Bxc2 b4 42. h4 Kg7 43. Be4 Kf7 44. Bf3 Bxf3 45. Kxf3 Ke6 46. Bxf4 Kf5 47. Bg5 1-0

[Event "MNT-chT"]
[Site "Herceg Novi"]
[Date "2007.09.10"]
[Round "8"]
[White "Rajkovic, Dusan"]
[Black "Dujkovic, Sinisa"]
[Result "1/2-1/2"]
[WhiteElo "2522"]
[BlackElo "2407"]
[PlyCount "21"]
[EventDate "2007.09.03"]
[EventType "tourn"]
[EventRounds "9"]
[EventCountry "MNE"]
[SourceTitle "CBM 120 Extra"]
[Source "ChessBase"]
[SourceDate "2007.11.01"]
[SourceVersion "1"]
[SourceVersionDate "2007.11.01"]
[SourceQuality "1"]

1. d4 Nf6 2. c4 g6 3. Nc3 Bg7 4. e4 d6 5. Nf3 0-0 6. Be2 e5 7. Be3 Nbd7 8. 0-0 Re8 9. d5 Nh5 10. Re1 Bf8 11. g3 1/2-1/2

[Event "MNT-chT"]
[Site "Herceg Novi"]
[Date "2007.09.09"]
[Round "7"]
[White "Dujkovic, Sinisa"]
[Black "Solak, Dragan"]
[Result "0-1"]
[WhiteElo "2407"]
[BlackElo "2566"]
[PlyCount "76"]
[EventDate "2007.09.03"]
[EventType "tourn"]
[EventRounds "9"]
[EventCountry "MNE"]
[SourceTitle "CBM 120 Extra"]
[Source "ChessBase"]
[SourceDate "2007.11.01"]
[SourceVersion "1"]
[SourceVersionDate "2007.11.01"]
[SourceQuality "1"]

1. e4 e6 2. d4 c5 3. c3 Nf6 4. e5 Nd5 5. Nf3 cxd4 6. Qxd4 Nc6 7. Qe4 d6 8. Nbd2 dxe5 9. Nxe5 Nf6 10. Qa4 Qc7 11. Ndc4 a6 12. Nxc6 b5 13. Qa5 Qxc6 14. Nb6 Rb8 15. Nxc8 Rxc8 16. a4 Bc5 17. f3 0-0 18. axb5 axb5 19. Qxb5 Qc7 20. Qe2 e5 21. g3 e4 22. f4 h5 23. Bh3 Rcd8 24. Kf1 Rd3 25. Kg2 Rfd8 26. Rf1 Qc6 27. Kh1 Ng4 28. Bg2 f5 29. h3 Qg6 30. hxg4 hxg4 31. Bxe4 Rxg3 32. Qh2 Rh3 33. Qxh3 gxh3 34. Bb7 Rd7 35. Ba8 Qg4 36. Bf3 Qg3 37. Ba8 Qd3 38. Rf3 Qe2 0-1

[Event "MNT-chT"]
[Site "Herceg Novi"]
[Date "2007.09.03"]
[Round "1.1"]
[White "Genov, Petar"]
[Black "Dujkovic, Sinisa"]
[Result "1/2-1/2"]
[WhiteElo "2472"]
[BlackElo "2407"]
[PlyCount "30"]
[EventDate "2007.09.03"]
[EventType "tourn"]
[EventRounds "9"]
[EventCountry "MNE"]
[SourceTitle "CBM 120 Extra"]
[Source "ChessBase"]
[SourceDate "2007.11.01"]
[SourceVersion "1"]
[SourceVersionDate "2007.11.01"]
[SourceQuality "1"]

1. b3 Nf6 2. Bb2 g6 3. Bxf6 exf6 4. c4 f5 5. Nc3 Bg7 6. Rc1 0-0 7. g3 d6 8. Bg2 c6 9. Nf3 Nd7 10. 0-0 Re8 11. b4 a5 12. b5 Nc5 13. bxc6 bxc6 14. d4 Ne4 15. e3 a4 1/2-1/2

[Event "SRB-chT 1st"]
[Site "Zlatibor"]
[Date "2007.08.22"]
[Round "2"]
[White "Kizov, Atanas"]
[Black "Dujkovic, Sinisa"]
[Result "1/2-1/2"]
[WhiteElo "2396"]
[BlackElo "2407"]
[PlyCount "91"]
[EventDate "2007.08.21"]
[EventType "team-tourn"]
[EventRounds "11"]
[EventCountry "YUG"]
[SourceTitle "CBM 120 Extra"]
[Source "ChessBase"]
[SourceDate "2007.11.01"]
[SourceVersion "1"]
[SourceVersionDate "2007.11.01"]
[SourceQuality "1"]

1. d4 Nf6 2. c4 g6 3. Nf3 Bg7 4. g3 0-0 5. Bg2 d6 6. 0-0 Nc6 7. Nc3 a6 8. h3 Bd7 9. e4 e5 10. dxe5 dxe5 11. Re1 h6 12. Nd5 Nh7 13. Be3 Ng5 14. Nxg5 hxg5 15. Qb3 Rb8 16. Rad1 Nd4 17. Bxd4 exd4 18. e5 c6 19. Nb6 Be6 20. Qb4 Qc7 21. Qc5 Rfd8 22. Nd5 Bxd5 23. cxd5 Bxe5 24. dxc6 Bf6 25. Rc1 bxc6 26. Qxc6 Qxc6 27. Rxc6 Kg7 28. b3 a5 29. Bf1 Rbc8 30. Rxc8 Rxc8 31. Bc4 Rc7 32. Kf1 Be7 33. Re5 Bb4 34. Rxg5 f5 35. h4 Be7 36. Ke2 Bxg5 37. hxg5 Kf8 38. Kd3 Rd7 39. a3 Ke7 40. Bb5 Rd6 41. Bc4 Kd7 42. Bf7 Kc6 43. Be8+ Kc5 44. Bf7 Kb5 45. Be8+ Kc5 46. Bf7 1/2-1/2

[Event "SRB-chT 1st"]
[Site "Zlatibor"]
[Date "2007.08.21"]
[Round "1"]
[White "Dujkovic, Sinisa"]
[Black "Pavlovic, Goran"]
[Result "1/2-1/2"]
[WhiteElo "2407"]
[BlackElo "2372"]
[PlyCount "33"]
[EventDate "2007.08.21"]
[EventType "team-tourn"]
[EventRounds "11"]
[EventCountry "YUG"]
[SourceTitle "CBM 120 Extra"]
[Source "ChessBase"]
[SourceDate "2007.11.01"]
[SourceVersion "1"]
[SourceVersionDate "2007.11.01"]
[SourceQuality "1"]

1. e4 e6 2. d4 d5 3. e5 c5 4. c3 Nc6 5. Nf3 Bd7 6. Be2 Nge7 7. Na3 cxd4 8. cxd4 Nf5 9. Nc2 Nb4 10. 0-0 Nxc2 11. Qxc2 Qb6 12. Qd3 h6 13. Rd1 Be7 14. a4 Bb4 15. h4 Rc8 16. g3 Ne7 17. Bf4 1/2-1/2

[Event "MNT-chT 1st"]
[Site "Herceg Novi"]
[Date "2006.09.27"]
[Round "6"]
[White "Dujkovic, Sinisa"]
[Black "Brenjo, Slavisa"]
[Result "1/2-1/2"]
[WhiteElo "2407"]
[BlackElo "2490"]
[PlyCount "47"]
[EventDate "2006.09.22"]
[EventType "tourn"]
[EventRounds "11"]
[EventCountry "MNE"]
[SourceTitle "CBM 114 Extra"]
[Source "ChessBase"]
[SourceDate "2006.11.03"]
[SourceVersion "1"]
[SourceVersionDate "2006.11.03"]
[SourceQuality "1"]

1. e4 e5 2. Nf3 Nc6 3. Bb5 a6 4. Ba4 Nf6 5. 0-0 Be7 6. Re1 b5 7. Bb3 0-0 8. d4 Nxd4 9. Nxd4 exd4 10. e5 Ne8 11. c3 dxc3 12. Nxc3 Bb7 13. Bf4 c5 14. Qg4 c4 15. Bc2 g6 16. Rad1 f5 17. Qh3 Ng7 18. e6 d5 19. Qf3 Qe8 20. Nxd5 Rd8 21. Bh6 Rxd5 22. Rxd5 Rf6 23. Bxg7 Kxg7 24. Rd8 1/2-1/2

[Event "MNT-chT 1st"]
[Site "Herceg Novi"]
[Date "2006.09.23"]
[Round "2"]
[White "Dujkovic, Sinisa"]
[Black "Chadaev, Nikolay"]
[Result "0-1"]
[WhiteElo "2407"]
[BlackElo "2459"]
[PlyCount "72"]
[EventDate "2006.09.22"]
[EventType "tourn"]
[EventRounds "11"]
[EventCountry "MNE"]
[SourceTitle "CBM 114 Extra"]
[Source "ChessBase"]
[SourceDate "2006.11.03"]
[SourceVersion "1"]
[SourceVersionDate "2006.11.03"]
[SourceQuality "1"]

1. e4 e5 2. Nf3 Nc6 3. d4 exd4 4. Nxd4 Nf6 5. Nxc6 bxc6 6. e5 Nd5 7. c4 Ne7 8. Bd3 Ng6 9. 0-0 d6 10. exd6 Bxd6 11. Re1+ Be6 12. Be4 0-0 13. Bxc6 Rb8 14. Bd5 Bxd5 15. Qxd5 Re8 16. Rd1 Bxh2+ 17. Kf1 Qe7 18. Nc3 Rbd8 19. Qh5 Rxd1+ 20. Qxd1 Be5 21. g3 c6 22. Qf3 Qe6 23. Be3 Qxc4+ 24. Qe2 Qe6 25. Bxa7 Qd7 26. Be3 Qh3+ 27. Ke1 Bd4 28. Nd1 Qh1+ 29. Qf1 Qd5 30. Qh3 h6 31. Kf1 Bxe3 32. Nxe3 Qb5+ 33. Kg1 Qxb2 34. Qf1 Ne5 35. a4 Nf3+ 36. Kg2 Rxe3 0-1

[Event "SCG-chT 4th"]
[Site "Vrnjacka Banja"]
[Date "2006.05.06"]
[Round "6"]
[White "Todorovic, Goran N"]
[Black "Dujkovic, Sinisa"]
[Result "0-1"]
[WhiteElo "2436"]
[BlackElo "2393"]
[PlyCount "92"]
[EventDate "2006.05.01"]
[EventType "team-tourn"]
[EventRounds "7"]
[EventCountry "YUG"]
[SourceTitle "CBM 112 Extra"]
[Source "ChessBase"]
[SourceDate "2006.07.14"]
[SourceVersion "1"]
[SourceVersionDate "2006.07.14"]
[SourceQuality "1"]

1. Nf3 Nf6 2. c4 g6 3. Nc3 Bg7 4. e4 d6 5. d4 0-0 6. h3 Na6 7. Be3 e5 8. d5 Nh5 9. Nd2 Qe8 10. a3 f5 11. exf5 gxf5 12. Be2 Nf6 13. g3 f4 14. gxf4 exf4 15. Bxf4 Ne4 16. Be3 Nxc3 17. bxc3 Bf5 18. Rg1 Nc5 19. Nf3 Bg6 20. Nd4 Qe5 21. Rg2 Rae8 22. Rc1 Qe4 23. Nf3 Qf5 24. Rg4 Qd7 25. Nd4 Qf7 26. Rg2 Rxe3 27. fxe3 Qe7 28. Rxg6 hxg6 29. Ne6 Ne4 30. Qc2 Bxc3+ 31. Qxc3 Qh4+ 32. Kd1 Nxc3+ 33. Rxc3 Rf2 34. Nxc7 Qf6 35. Nb5 Rh2 36. Nd4 Rxh3 37. Kd2 Qf2 38. a4 b6 39. a5 g5 40. axb6 axb6 41. Ra3 g4 42. Ne6 Rh2 43. Ra8+ Kh7 44. Nf4 g3 45. Kc3 Qe1+ 46. Kd4 Rxe2 0-1

[Event "SCG-chT1"]
[Site "Vrnjacka Banja"]
[Date "2005.10.18"]
[Round "2"]
[White "Dujkovic, Sinisa"]
[Black "Markovic, Miroslav"]
[Result "1-0"]
[WhiteElo "2370"]
[BlackElo "2504"]
[PlyCount "77"]
[EventDate "2005.10.17"]
[EventType "team-tourn"]
[EventRounds "11"]
[EventCountry "YUG"]
[SourceTitle "EXT 2006"]
[Source "ChessBase"]
[SourceDate "2005.11.24"]
[SourceVersion "1"]
[SourceVersionDate "2005.11.24"]
[SourceQuality "1"]

1. e4 c5 2. Nc3 Nc6 3. Bb5 Nd4 4. Bc4 e6 5. Nf3 Qc7 6. d3 Nc6 7. a3 a6 8. 0-0 b5 9. Ba2 Nf6 10. Ng5 h6 11. Nh3 b4 12. Ne2 d5 13. exd5 exd5 14. Nhf4 Bd6 15. Nxd5 Bxh2+ 16. Kh1 Nxd5 17. Bxd5 Bd6 18. Ng3 0-0 19. Ne4 Be6 20. Bxe6 fxe6 21. Qg4 Nd4 22. Bxh6 Bf4 23. Bg5 Bxg5 24. Nxg5 Rf6 25. c3 bxc3 26. bxc3 Nf5 27. Rae1 Rh6+ 28. Nh3 Rf8 29. Kg1 Rff6 30. Qf4 Qd8 31. Rb1 Qxd3 32. Rfd1 Qe2 33. Rd8+ Kh7 34. Ng5+ Kg6 35. Nf3 Kh7 36. Rd2 Nd4 37. cxd4 Qc4 38. Ng5+ Kg6 39. Qg4 1-0

[Event "SCG-chT 48th"]
[Site "Herceg Novi"]
[Date "2005.05.20"]
[Round "6"]
[White "Andrijevic, Milan"]
[Black "Dujkovic, Sinisa"]
[Result "1-0"]
[WhiteElo "2411"]
[BlackElo "2387"]
[PlyCount "119"]
[EventDate "2005.05.15"]
[EventType "team-tourn"]
[EventRounds "7"]
[EventCountry "YUG"]
[SourceTitle "CBM 106 Extra"]
[Source "ChessBase"]
[SourceDate "2005.07.01"]
[SourceVersion "1"]
[SourceVersionDate "2005.07.01"]
[SourceQuality "1"]

1. e4 c5 2. Nf3 Nc6 3. d4 cxd4 4. Nxd4 Nf6 5. Nc3 e5 6. Ndb5 d6 7. Nd5 Nxd5 8. exd5 Nb8 9. c4 a6 10. Nc3 Be7 11. Be2 0-0 12. 0-0 f5 13. f4 Bf6 14. Kh1 Nd7 15. Qc2 exf4 16. Bxf4 Be5 17. Qd2 Bxf4 18. Qxf4 Qf6 19. Rad1 a5 20. Qd4 Nc5 21. Qxf6 Rxf6 22. Bd3 Bd7 23. Bc2 a4 24. b4 axb3 25. axb3 Na6 26. Ra1 Re8 27. Rae1 Rxe1 28. Rxe1 Nb4 29. Bb1 Rf8 30. Kg1 Kf7 31. g4 g6 32. g5 Ra8 33. Re2 Ra3 34. Rb2 Ke7 35. Kf2 Kd8 36. Ke3 Kc7 37. Kd4 b6 38. Nb5+ Bxb5 39. cxb5 Ra5 40. Kc4 Nxd5 41. Kxd5 Rxb5+ 42. Ke6 f4 43. h4 f3 44. Rc2+ Kd8 45. Rf2 Rxb3 46. Be4 Re3 47. Kd5 Ke7 48. Rxf3 Re1 49. Ra3 Rd1+ 50. Bd3 b5 51. Ra7+ Kf8 52. Kd4 Kg8 53. h5 gxh5 54. Ke3 Rg1 55. Kf4 h4 56. Bxh7+ Kh8 57. Be4 b4 58. Kf5 Kg8 59. Kf6 Rf1+ 60. Bf5 1-0

[Event "SCG-chT 48th"]
[Site "Herceg Novi"]
[Date "2005.05.16"]
[Round "2"]
[White "Dujkovic, Sinisa"]
[Black "Popovic, Milos T"]
[Result "1/2-1/2"]
[WhiteElo "2387"]
[BlackElo "2279"]
[PlyCount "30"]
[EventDate "2005.05.15"]
[EventType "team-tourn"]
[EventRounds "7"]
[EventCountry "YUG"]
[SourceTitle "CBM 106 Extra"]
[Source "ChessBase"]
[SourceDate "2005.07.01"]
[SourceVersion "1"]
[SourceVersionDate "2005.07.01"]
[SourceQuality "1"]

1. e4 c5 2. Nc3 Nc6 3. f4 g6 4. Nf3 Bg7 5. Bb5 Nd4 6. 0-0 e6 7. e5 a6 8. Bd3 Nxf3+ 9. Qxf3 d5 10. b3 Ne7 11. a4 Nc6 12. Ba3 b6 13. a5 Nxa5 14. b4 Nb7 15. bxc5 Nxc5 1/2-1/2

[Event "SCG-chT2"]
[Site "Sutomore"]
[Date "2004.09.14"]
[Round "7.2"]
[White "Dujkovic, Sinisa"]
[Black "Popovic, Mladen"]
[Result "1-0"]
[WhiteElo "2395"]
[BlackElo "2192"]
[PlyCount "125"]
[EventDate "2004.09.10"]
[EventType "team-tourn"]
[EventRounds "9"]
[EventCountry "YUG"]
[SourceTitle "CBM 102 Extra"]
[Source "ChessBase"]
[SourceDate "2004.11.03"]
[SourceVersion "1"]
[SourceVersionDate "2004.11.03"]
[SourceQuality "1"]
[WhiteTeam "01"]
[BlackTeam "05"]
[WhiteTeamCountry "YUG"]
[BlackTeamCountry "YUG"]

1. e4 e6 2. d3 d5 3. Qe2 dxe4 4. dxe4 e5 5. Nf3 Nc6 6. c3 Nf6 7. Qc2 Bg4 8. Nbd2 Bd6 9. h3 Bh5 10. Bc4 0-0 11. a4 Bg6 12. 0-0 Nh5 13. Re1 Nf4 14. Nf1 Qf6 15. N3h2 Nd8 16. Ng4 Qh4 17. Nfh2 Qe7 18. Nf3 Kh8 19. Ne3 h6 20. Nf5 Qf6 21. Bxf4 exf4 22. Nxd6 Qxd6 23. Rad1 Qc5 24. Ba2 Ne6 25. Rd7 Rad8 26. b4 Qc6 27. Ne5 Qxd7 28. Nxd7 Rxd7 29. Qe2 Rfd8 30. Bxe6 fxe6 31. Qg4 Kh7 32. Qxf4 Rf7 33. Qe3 b6 34. Qe2 Rfd7 35. Qc4 Bf7 36. e5 Re7 37. Re3 Bg6 38. Kh2 Rd2 39. Rf3 Bh5 40. Rf8 Rd5 41. Qf4 Rdd7 42. g4 Rf7 43. Qe4+ Bg6 44. Rxf7 Rxf7 45. Qd4 Bc2 46. f4 Bxa4 47. Qe4+ g6 48. Kg3 Bb3 49. b5 Bd5 50. Qb4 g5 51. fxg5 hxg5 52. Qd4 Rf4 53. Qd2 Kg6 54. Kh2 Re4 55. Qb2 Ra4 56. Qc2+ Re4 57. c4 Bb7 58. c5 Bd5 59. cxb6 cxb6 60. Qc7 Re2+ 61. Kg1 Rg2+ 62. Kf1 Ra2 63. Qe7 1-0

[Event "SCG-chT2"]
[Site "Sutomore"]
[Date "2004.09.12"]
[Round "5.2"]
[White "Dujkovic, Sinisa"]
[Black "Bujisic, Vlastimir"]
[Result "1/2-1/2"]
[WhiteElo "2395"]
[BlackElo "2269"]
[PlyCount "69"]
[EventDate "2004.09.10"]
[EventType "team-tourn"]
[EventRounds "9"]
[EventCountry "YUG"]
[SourceTitle "CBM 102 Extra"]
[Source "ChessBase"]
[SourceDate "2004.11.03"]
[SourceVersion "1"]
[SourceVersionDate "2004.11.03"]
[SourceQuality "1"]
[WhiteTeam "01"]
[BlackTeam "06"]
[WhiteTeamCountry "YUG"]
[BlackTeamCountry "YUG"]

1. e4 e5 2. Nf3 Nf6 3. Nc3 Nc6 4. Bb5 Nd4 5. Ba4 Nxf3+ 6. Qxf3 c6 7. h3 d6 8. Bb3 a5 9. 0-0 Be7 10. Rd1 0-0 11. d4 Qc7 12. a4 Nd7 13. Be3 Bf6 14. d5 c5 15. Nb5 Qb8 16. Bc4 Be7 17. Bf1 Nb6 18. Qg3 Bd7 19. f4 Bxb5 20. Bxb5 exf4 21. Bxf4 f6 22. c3 Qc7 23. b4 axb4 24. cxb4 cxb4 25. Rdc1 Qd8 26. Rcb1 Qc7 27. Be3 Nd7 28. Bxd7 Qxd7 29. Rxb4 f5 30. Rab1 Bf6 31. Rxb7 Qxa4 32. exf5 Qe4 33. Bf4 Qxd5 34. Bxd6 Rfd8 35. Bf4 1/2-1/2

[Event "SCG-chT2"]
[Site "Sutomore"]
[Date "2004.09.12"]
[Round "4.2"]
[White "Raicevic, Momcilo"]
[Black "Dujkovic, Sinisa"]
[Result "0-1"]
[WhiteElo "2350"]
[BlackElo "2395"]
[PlyCount "76"]
[EventDate "2004.09.10"]
[EventType "team-tourn"]
[EventRounds "9"]
[EventCountry "YUG"]
[SourceTitle "CBM 102 Extra"]
[Source "ChessBase"]
[SourceDate "2004.11.03"]
[SourceVersion "1"]
[SourceVersionDate "2004.11.03"]
[SourceQuality "1"]
[WhiteTeam "03"]
[BlackTeam "01"]
[WhiteTeamCountry "YUG"]
[BlackTeamCountry "YUG"]

1. c4 Nf6 2. g3 g6 3. Bg2 Bg7 4. Nc3 0-0 5. e3 d6 6. Nge2 e5 7. 0-0 Re8 8. b4 h5 9. Rb1 Nbd7 10. Qc2 Nf8 11. Nd5 N6h7 12. b5 Ne6 13. Bb2 Nc5 14. d4 Bf5 15. e4 exd4 16. exf5 d3 17. Qd2 Rxe2 18. Qb4 a5 19. Qa3 gxf5 20. Bxg7 Kxg7 21. Bf3 Re5 22. Rfe1 f6 23. Bxh5 c6 24. Rxe5 fxe5 25. Ne3 Nf6 26. Bf3 e4 27. Bg2 Qe7 28. g4 Qe5 29. Qc1 Rh8 30. h3 Nfd7 31. bxc6 bxc6 32. Qd2 a4 33. Qa5 Rc8 34. Nf1 Kf7 35. Qa7 Qe8 36. Qa5 Rb8 37. Rxb8 Qxb8 38. Qd2 Qd8 0-1